| 000 | 01740cam a2200217 4500 | ||
|---|---|---|---|
| 001 | X121790 | ||
| 008 | 030331n2003 000 0 eng u | ||
| 035 | _a(Sirsi) u121790 | ||
| 245 | _aMount Cook Land Ltd v Rosen | ||
| 260 | _c2003 | ||
| 490 |
_aEstates Gazette _v[2003] 10 EG 165-168(4) |
||
| 520 | _aCounty Court, 15 October 2002. Claimant landlord (M) was the freehold owner of the building containing defendant tenant's (R) flat. The former lessee (B) contracted to sell the lease to R and served an initial notice under the Leasehold Reform, Housing and Urban Development Act 1993 s42. He later assigned to R the lease and the benefit of the s42 notice which specified that R proposed to pay a premium of £100 000. M denied the validity of the notice as it failed to specify a realistic premium, having regard to "Viscount Chelsea v Morris" (CA, Abs60002) and issued proceedings seeking a declaration claiming that the notice was invalid as the suggested premium of £100 000 was unrealistic. M's valuation of the premium was £287 000 and R's valuer considered the premium to be about £200 000 at the time of serving the notice. "Held" judgment in favour of M. The s42 notice was invalid as the statutory provision in s42(3)(c) of the 1993 Act requires the tenant to specify a realistic premium in the initial notice which £100 000 was not. A realistic premium is one that can be justified by valuation evidence. | ||
| 590 | _aABS | ||
| 650 | _aMOUNT COOK LAND LTD V ROSEN | ||
| 650 | _aINITIAL NOTICES | ||
| 650 | _aVISCOUNT CHELSEA V MORRIS | ||
| 650 | _aLEASEHOLD REFORM, HOUSING AND URBAN DEVELOPMENT ACT 1993 S42 | ||
| 650 | _aPREMIUMS | ||
| 690 | _aLANDLORD AND TENANT-LEASEHOLD REFORM-CASE LAW | ||
| 942 | _n0 | ||
| 999 |
_c72382 _d72382 |
||